[Event "Wch U14 Girls"]
[Site "Montesilvano"]
[Date "2023.11.18"]
[Round "6"]
[White "Zhang, Michelle1"]
[Black "Michalska, Lena"]
[Result "1/2-1/2"]
[WhiteElo "1833"]
[BlackElo "1640"]
[PlyCount "96"]
[EventDate "2023.11.13"]
[EventType "swiss"]
[EventRounds "11"]
[EventCountry "ITA"]
[SourceTitle "CB48_2023"]
[SourceDate "2023.11.29"]
[SourceVersion "1"]
[SourceVersionDate "2023.11.29"]
[SourceQuality "1"]

1. e4 g6 2. d4 Bg7 3. Nf3 d6 4. Nc3 a6 5. Be3 b5 6. a3 Bb7 7. Qd2 Nd7 8. Be2 Rc8 9. d5 c6 10. 0-0 Ngf6 11. Rad1 cxd5 12. exd5 Nb6 13. Bh6 0-0 14. Bxg7 Kxg7 15. Nd4 Nbxd5 16. Nxd5 Bxd5 17. Qg5 Be4 18. Bd3 Bxd3 19. Rxd3 Rc5 20. Qd2 Qd7 21. Re1 Rfc8 22. Rh3 h5 23. c3 Rd5 24. Qe2 Re5 25. Re3 Rcc5 26. f4 Rxe3 27. Qxe3 e6 28. h3 e5 29. fxe5 Rxe5 30. Qf2 Ne4 31. Qf4 Nxc3 32. Rxe5 dxe5 33. Qxe5+ f6 34. Ne6+ Kf7 35. Ng5+ fxg5 36. Qxc3 g4 37. hxg4 Qxg4 38. Qc7+ Kf6 39. Qd8+ Kg7 40. Qe7+ Kh6 41. Qf8+ Kg5 42. Qe7+ Kf5 43. Qf7+ Ke5 44. Qg7+ Kd6 45. Qf8+ Kc6 46. Qf6+ Kb7 47. Qe7+ Kb6 48. Qd6+ Kb7 1/2-1/2

[Event "POL-ch Blitz U18 Girls"]
[Site "Bydgoszcz"]
[Date "2023.08.31"]
[Round "8"]
[White "Pawlikowska, Ewa"]
[Black "Michalska, Lena"]
[Result "0-1"]
[WhiteElo "1215"]
[BlackElo "1351"]
[PlyCount "96"]
[EventDate "2023.08.28"]
[EventType "swiss"]
[EventRounds "9"]
[EventCountry "POL"]
[SourceTitle "EXT 2024"]
[Source "ChessBase"]
[SourceDate "2023.10.10"]
[SourceVersion "1"]
[SourceVersionDate "2023.10.10"]
[SourceQuality "1"]

1. e4 g6 2. d4 Bg7 3. Nf3 d6 4. Bc4 e6 5. 0-0 a6 6. Bb3 b5 7. c3 Bb7 8. Be3 Bxe4 9. Nbd2 Bb7 10. Re1 Ne7 11. Qe2 Nd7 12. Rad1 0-0 13. Bf4 Nb6 14. Nf1 Rc8 15. Bxe6 fxe6 16. Qxe6+ Kh8 17. Qxe7 Rxf4 18. Ng5 Qxe7 19. Rxe7 Nd5 20. Rxg7 Kxg7 21. Ne6+ Kf7 22. Nxf4 Nxf4 23. Ne3 Re8 24. h3 Nd5 25. Nxd5 Bxd5 26. Kf1 Bxa2 27. f3 a5 28. Ra1 Bc4+ 29. Kf2 Re2+ 30. Kg3 a4 31. f4 Rxb2 32. Kf3 Re2 33. Ra3 c6 34. Kg3 Re3+ 35. Kf2 Re2+ 36. Kf3 Re7 37. Kg3 h6 38. Kf3 Kf6 39. Kf2 Re2+ 40. Kf3 Re1 41. Kf2 Rf1+ 42. Kg3 Kf5 43. Kh2 Kxf4 44. Ra1 Rxa1 45. d5 Bxd5 46. h4 Rc1 47. h5 g5 48. g4 Rh1# 0-1

[Event "POL-ch Rapid U18 Girls"]
[Site "Bydgoszcz"]
[Date "2023.08.30"]
[Round "10"]
[White "Michalska, Lena"]
[Black "Borowik, Monika"]
[Result "0-1"]
[WhiteElo "1285"]
[BlackElo "1467"]
[PlyCount "84"]
[EventDate "2023.08.28"]
[EventType "swiss"]
[EventRounds "11"]
[EventCountry "POL"]
[SourceTitle "EXT 2024"]
[Source "ChessBase"]
[SourceDate "2023.10.10"]
[SourceVersion "1"]
[SourceVersionDate "2023.10.10"]
[SourceQuality "1"]

1. c4 Nf6 2. Nf3 c5 3. b3 Nc6 4. Bb2 g6 5. e3 Bg7 6. d4 d6 7. d5 Nb8 8. Qc2 Bf5 9. Bd3 Bxd3 10. Qxd3 0-0 11. 0-0 Nbd7 12. Nc3 Ng4 13. h3 Nge5 14. Nxe5 Nxe5 15. Qc2 a6 16. Ne2 b5 17. f4 Nd7 18. Bxg7 Kxg7 19. Qc3+ Kg8 20. e4 Qc7 21. Ng3 Rab8 22. Rf3 bxc4 23. Qxc4 Qa7 24. Kh2 Rb4 25. Qc3 Qb6 26. Nf5 f6 27. Nxe7+ Kf7 28. Nc6 Rxe4 29. f5 g5 30. Na5 Ne5 31. Rf2 Qb5 32. Rc2 Re8 33. Nc4 Nxc4 34. bxc4 Qd7 35. Rf1 R8e5 36. g4 Re2+ 37. Rf2 R2e3 38. Qa5 R5e4 39. Qxa6 Qe7 40. Qa5 Qe5+ 41. Kg1 Qg3+ 42. Rg2 Re1+ 0-1

[Event "EU-ch U12 Girls 30th"]
[Site "Antalya"]
[Date "2022.11.07"]
[Round "2"]
[White "Michalska, Lena"]
[Black "Kuznecova, Marija"]
[Result "0-1"]
[WhiteElo "1447"]
[BlackElo "2024"]
[PlyCount "67"]
[EventDate "2022.11.06"]
[EventType "swiss"]
[EventRounds "9"]
[EventCountry "TUR"]
[SourceTitle "CBM 211 Extra"]
[Source "ChessBase"]
[SourceDate "2023.01.31"]
[SourceVersion "1"]
[SourceVersionDate "2023.01.31"]
[SourceQuality "1"]

1. Nf3 c5 2. e3 d5 3. d4 Nf6 4. c3 Bg4 5. dxc5 e6 6. Qa4+ Nbd7 7. Ne5 Bf5 8. Bb5 Bxc5 9. b4 Bd6 10. Nxd7 Nxd7 11. Bb2 a6 12. Be2 0-0 13. g4 Be4 14. f3 b5 15. Qd1 Qh4+ 16. Kd2 Bxb1 17. Rxb1 Nb6 18. Qe1 Qe7 19. h4 Rfc8 20. a3 Qc7 21. f4 e5 22. f5 d4 23. Rc1 dxe3+ 24. Kc2 e4 25. Rd1 Bg3 26. Qg1 Na4 27. Qxe3 Bf4 28. Qh3 Bg3 29. Rc1 Qe5 30. Kb3 Qd5+ 31. c4 bxc4+ 32. Bxc4 Rxc4 33. Kxa4 a5 34. Rcd1 0-1

[Event "POL-ch U12 Girls"]
[Site "Uniejow"]
[Date "2021.07.20"]
[Round "2"]
[White "Chmielek, Kamelia"]
[Black "Michalska, Lena"]
[Result "0-1"]
[WhiteElo "1147"]
[BlackElo "1235"]
[PlyCount "98"]
[EventDate "2021.07.18"]
[EventType "swiss"]
[EventRounds "9"]
[EventCountry "POL"]
[SourceTitle "EXT 2022"]
[Source "ChessBase"]
[SourceDate "2021.10.06"]
[SourceVersion "1"]
[SourceVersionDate "2021.10.06"]
[SourceQuality "1"]

1. e4 c5 2. Nf3 g6 3. d4 cxd4 4. Nxd4 Bg7 5. c4 Nc6 6. Be3 d6 7. Nc3 Nf6 8. Be2 0-0 9. 0-0 Bd7 10. f4 e5 11. Nb3 exf4 12. Bxf4 Re8 13. Bf3 Ne5 14. Bg5 Qb6+ 15. Qd4 Qxd4+ 16. Nxd4 Nxc4 17. Ndb5 Bxb5 18. Nxb5 Nxe4 19. Nc7 Nxg5 20. Bd5 Ne5 21. Nxa8 Rxa8 22. h4 Ne6 23. Bxe6 fxe6 24. Rac1 Nc6 25. Rc2 Rf8 26. Re1 Be5 27. Re4 Rf4 28. Rxf4 Bxf4 29. g4 h6 30. Kg2 g5 31. hxg5 Bxg5 32. Rf2 Kg7 33. Kg3 d5 34. Kg2 d4 35. Rf1 d3 36. Rd1 d2 37. Kf3 Kf6 38. Ke4 e5 39. a3 Bf4 40. Kf3 Nd4+ 41. Kg2 e4 42. Kh3 e3 43. Rf1 Kg5 44. b4 e2 45. Rg1 e1Q 46. Rxe1 dxe1Q 47. Kg2 Qg3+ 48. Kf1 Qf3+ 49. Kg1 Ne2# 0-1